[Event "Agen 2017 - Open C"]
[Site "?"]
[Date "2017.08.20"]
[Round "2.4"]
[White "Soubielle, Baptiste"]
[Black "Lebreton, Tristan"]
[Result "0-1"]
[LiveChessVersion "1.4.8"]
[BlackElo "1759"]
[WhiteElo "1686"]

1. d4 {[%clk 1:30:58]} d5 {[%clk 1:30:42]} 2. c4 {[%clk 1:31:21]} e6
{[%clk 1:31:08]} 3. Nc3 {[%clk 1:31:34]} Nf6 {[%clk 1:31:35]} 4. Bg5
{[%clk 1:31:32]} Be7 {[%clk 1:29:47]} 5. e3 {[%clk 1:31:31]} h6 {[%clk 1:29:11]}
6. Bh4 {[%clk 1:28:48]} O-O {[%clk 1:29:34]} 7. Nf3 {[%clk 1:26:58]} Ne4
{[%clk 1:27:22]} 8. Bxe7 {[%clk 1:25:40]} Qxe7 {[%clk 1:27:46]} 9. Nxe4
{[%clk 1:24:21]} dxe4 {[%clk 1:28:07]} 10. Nd2 {[%clk 1:21:12]} e5
{[%clk 1:26:09]} 11. d5 {[%clk 1:16:29]} f5 {[%clk 1:22:49]} 12. Qc2
{[%clk 0:59:05]} Nd7 {[%clk 1:10:59]} 13. a3 {[%clk 0:53:32]} a5 {[%clk 1:11:17]}
14. Rc1 {[%clk 0:47:20]} b6 {[%clk 1:09:03]} 15. Nb3 {[%clk 0:43:02]} a4
{[%clk 1:07:41]} 16. Nd2 {[%clk 0:43:09]} Nc5 {[%clk 1:07:59]} 17. Ra1
{[%clk 0:37:35]} Bd7 {[%clk 1:01:13]} 18. Qc3 {[%clk 0:34:44]} f4
{[%clk 0:37:28]} 19. b4 {[%clk 0:34:01]} axb3 {[%clk 0:37:55]} 20. Nxb3
{[%clk 0:34:22]} Nxb3 {[%clk 0:38:20]} 21. Qxb3 {[%clk 0:34:47]} Ra5
{[%clk 0:37:54]} 22. d6 {[%clk 0:24:11]} cxd6 {[%clk 0:33:21]} 23. c5+
{[%clk 0:19:24]} Be6 {[%clk 0:30:14]} 24. Bc4 {[%clk 0:19:43]} Bxc4
{[%clk 0:28:20]} 25. Qxc4+ {[%clk 0:20:07]} Qf7 {[%clk 0:28:45]} 26. Qxf7+
{[%clk 0:20:14]} Kxf7 {[%clk 0:28:26]} 27. cxd6 {[%clk 0:19:45]} Ke6
{[%clk 0:25:58]} 28. O-O {[%clk 0:18:41]} Kxd6 {[%clk 0:25:20]} 29. Rfd1+
{[%clk 0:18:01]} Kc6 {[%clk 0:24:24]} 30. a4 {[%clk 0:15:37]} Rfa8
{[%clk 0:24:01]} 31. exf4 {[%clk 0:15:49]} exf4 {[%clk 0:19:46]} 32. Rd4
{[%clk 0:15:45]} Re8 {[%clk 0:17:03]} 33. h3 {[%clk 0:09:01]} g5 {[%clk 0:12:05]}
34. Rad1 {[%clk 0:06:26]} Re6 {[%clk 0:12:21]} 35. Rc1+ {[%clk 0:06:20]} Rc5
{[%clk 0:12:44]} 36. Rcd1 {[%clk 0:06:25]} Rc3 {[%clk 0:11:15]} 37. Rd8
{[%clk 0:06:22]} Ra3 {[%clk 0:10:08]} 38. Rc1+ {[%clk 0:05:27]} Kb7
{[%clk 0:10:20]} 39. Rc4 {[%clk 0:02:01]} e3 {[%clk 0:08:29]} 40. Rdc8
{[%clk 0:31:55]} Ra1+ {[%clk 0:36:37]} 41. Kh2 {[%clk 0:27:21]} Re7
{[%clk 0:34:09]} 42. fxe3 {[%clk 0:21:49]} fxe3 {[%clk 0:34:18]} 43. Rc1
{[%clk 0:21:43]} Rxc1 {[%clk 0:34:38]} 44. Rxc1 {[%clk 0:22:08]} e2
{[%clk 0:34:57]} 45. Re1 {[%clk 0:22:26]} Ka6 {[%clk 0:35:10]} 46. Kg3
{[%clk 0:21:16]} Ka5 {[%clk 0:35:17]} 47. Kf3 {[%clk 0:09:34]} Kxa4
{[%clk 0:35:10]} 48. h4 {[%clk 0:09:11]} Kb3 {[%clk 0:35:02]} 49. hxg5
{[%clk 0:07:04]} hxg5 {[%clk 0:35:30]} 50. Rxe2 {[%clk 0:04:17]} Rxe2
{[%clk 0:35:54]} 51. Kxe2 {[%clk 0:04:43]} Kc2 {[%clk 0:36:20]} 52. Kf3
{[%clk 0:04:47]} b5 {[%clk 0:36:44]} 53. Kg4 {[%clk 0:05:08]} b4 {[%clk 0:37:09]}
54. Kxg5 {[%clk 0:05:34]} b3 {[%clk 0:37:30]} 55. g4 {[%clk 0:05:56]} b2
{[%clk 0:37:58]} 56. Kf6 {[%clk 0:05:09]} b1=Q {[%clk 0:38:16]} 57. g5
{[%clk 0:05:27]} Qf1+ {[%clk 0:38:26]} 58. Kg7 {[%clk 0:05:27]} Kd3
{[%clk 0:36:02]} 59. g6 {[%clk 0:05:45]} Qf5 {[%clk 0:35:50]} 60. Kh6
{[%clk 0:05:32]} Qf6 {[%clk 0:34:54]} 61. Kh7 {[%clk 0:05:54]} Qh4+
{[%clk 0:33:16]} 62. Kg8 {[%clk 0:05:57]} Ke4 63. g7 {[%clk 0:06:02]} Kf5
{[%clk 0:33:18]} 64. Kf7 {[%clk 0:05:10]} Qf6+ {[%clk 0:33:40]} 65. Kg8
{[%clk 0:04:47]} Kg6 {[%clk 0:33:51]} 66. Kh8 {[%clk 0:05:05]} Qxg7#
{[%clk 0:34:09]} 0-1

[Event "Agen 2017 - Open D"]
[Site "?"]
[Date "2017.08.20"]
[Round "2.1"]
[White "Patte, Daphne"]
[Black "Aubert, Elea"]
[Result "1-0"]
[LiveChessVersion "1.4.8"]
[BlackElo "1499"]
[WhiteElo "1384"]

1. e4 {[%clk 1:30:55]} e5 {[%clk 1:30:44]} 2. Nf3 {[%clk 1:31:15]} Nf6
{[%clk 1:30:59]} 3. Nc3 {[%clk 1:28:50]} Bb4 {[%clk 1:28:42]} 4. Bc4
{[%clk 1:27:21]} O-O {[%clk 1:22:48]} 5. d3 {[%clk 1:27:28]} d5 {[%clk 1:17:59]}
6. exd5 {[%clk 1:26:36]} Nxd5 {[%clk 1:17:27]} 7. Bd2 {[%clk 1:26:22]} Bxc3
{[%clk 1:16:06]} 8. bxc3 {[%clk 1:26:43]} Bg4 {[%clk 1:11:03]} 9. Qe2
{[%clk 1:25:36]} c6 {[%clk 0:52:48]} 10. O-O {[%clk 1:25:20]} Re8
{[%clk 0:52:24]} 11. h3 {[%clk 1:25:08]} Bh5 {[%clk 0:50:07]} 12. Qe4
{[%clk 1:24:40]} Qd6 {[%clk 0:44:56]} 13. d4 {[%clk 1:12:03]} Nf6
{[%clk 0:41:18]} 14. Qf5 {[%clk 1:09:49]} Bxf3 {[%clk 0:36:53]} 15. Qxf3
{[%clk 1:09:20]} exd4 {[%clk 0:37:03]} 16. Rad1 {[%clk 1:07:37]} Qc5
{[%clk 0:34:51]} 17. Bb3 {[%clk 1:07:16]} dxc3 {[%clk 0:34:41]} 18. Bxc3
{[%clk 1:07:25]} Nbd7 {[%clk 0:32:25]} 19. Rxd7 {[%clk 1:01:49]} Kh8
{[%clk 0:24:03]} 20. Bxf6 {[%clk 1:01:49]} Qf8 {[%clk 0:23:20]} 21. Rxf7 1-0

[Event "Agen 2017 - Open D"]
[Site "?"]
[Date "2017.08.20"]
[Round "2.2"]
[White "Bur, Lucas"]
[Black "Marcellier, Clement"]
[Result "1-0"]
[LiveChessVersion "1.4.8"]
[BlackElo "1377"]
[WhiteElo "1499"]

1. e4 {[%clk 1:30:46]} e5 {[%clk 1:30:53]} 2. Nf3 {[%clk 1:31:10]} Nc6
{[%clk 1:31:14]} 3. Bb5 {[%clk 1:31:32]} a6 {[%clk 1:31:12]} 4. Bxc6
{[%clk 1:29:15]} dxc6 {[%clk 1:31:34]} 5. O-O {[%clk 1:29:18]} Bd6
{[%clk 1:28:16]} 6. d3 {[%clk 1:24:37]} Bg4 {[%clk 1:25:43]} 7. Nbd2
{[%clk 1:19:32]} Nf6 {[%clk 1:25:43]} 8. Re1 {[%clk 1:13:08]} O-O
{[%clk 1:13:03]} 9. Nf1 {[%clk 1:03:23]} h6 {[%clk 1:10:37]} 10. h3
{[%clk 0:58:05]} Be6 {[%clk 1:08:38]} 11. Ng3 {[%clk 0:49:53]} Ne8
{[%clk 1:01:01]} 12. Bd2 {[%clk 0:42:41]} f5 {[%clk 0:57:11]} 13. exf5
{[%clk 0:37:01]} Bxf5 {[%clk 0:55:48]} 14. Nxe5 {[%clk 0:36:54]} Qf6
{[%clk 0:52:38]} 15. Bc3 {[%clk 0:28:28]} Bxh3 {[%clk 0:45:05]} 16. Qe2
{[%clk 0:21:15]} Bf5 {[%clk 0:30:20]} 17. Nd7 {[%clk 0:14:27]} Qh4
{[%clk 0:25:51]} 18. Nxf8 {[%clk 0:13:47]} Kxf8 {[%clk 0:24:26]} 19. Qh5
{[%clk 0:10:44]} Bxg3 {[%clk 0:24:03]} 20. Qxf5+ {[%clk 0:09:43]} Nf6
{[%clk 0:21:15]} 21. fxg3 {[%clk 0:09:40]} Qxg3 {[%clk 0:20:35]} 22. Bxf6
{[%clk 0:08:51]} gxf6 {[%clk 0:20:13]} 23. Qxf6+ {[%clk 0:08:54]} Kg8
{[%clk 0:21:02]} 24. Qe6+ {[%clk 0:09:27]} Kh7 {[%clk 0:20:32]} 25. Qf5+
{[%clk 0:09:47]} Kh8 {[%clk 0:20:46]} 26. Re7 {[%clk 0:09:28]} Qg5 1-0

[Event "Agen 2017 - Open D"]
[Site "?"]
[Date "2017.08.20"]
[Round "2.3"]
[White "Steff, Thierry"]
[Black "Devaux, Francois"]
[Result "0-1"]
[LiveChessVersion "1.4.8"]
[BlackElo "1498"]
[WhiteElo "1380"]

1. d4 {[%clk 1:30:55]} Nf6 {[%clk 1:26:35]} 2. Bf4 {[%clk 1:31:18]} g6
{[%clk 1:25:47]} 3. e3 {[%clk 1:31:41]} Bg7 {[%clk 1:26:08]} 4. Nf3
{[%clk 1:31:55]} O-O {[%clk 1:24:59]} 5. Be2 {[%clk 1:32:13]} d6 {[%clk 1:24:14]}
6. h3 {[%clk 1:32:03]} Nbd7 {[%clk 1:18:43]} 7. O-O {[%clk 1:32:04]} Re8
{[%clk 1:17:17]} 8. Bh2 {[%clk 1:30:02]} b6 {[%clk 1:14:39]} 9. Nbd2
{[%clk 1:29:47]} Bb7 {[%clk 1:14:37]} 10. Re1 {[%clk 1:26:33]} e5
{[%clk 1:11:34]} 11. dxe5 {[%clk 1:24:30]} dxe5 {[%clk 1:09:22]} 12. c3
{[%clk 1:22:15]} c5 {[%clk 1:04:01]} 13. Qa4 {[%clk 1:21:54]} Qc7
{[%clk 0:59:10]} 14. Rad1 {[%clk 1:19:23]} a6 {[%clk 0:54:15]} 15. Qb3
{[%clk 1:17:14]} b5 {[%clk 0:48:45]} 16. a4 {[%clk 1:15:38]} c4 {[%clk 0:46:01]}
17. Qc2 {[%clk 1:12:31]} Nc5 {[%clk 0:34:47]} 18. axb5 {[%clk 1:11:35]} axb5
{[%clk 0:35:07]} 19. Ra1 {[%clk 1:11:16]} Nfd7 {[%clk 0:29:51]} 20. b3
{[%clk 1:04:23]} cxb3 {[%clk 0:27:00]} 21. Nxb3 {[%clk 1:04:20]} Be4
{[%clk 0:25:45]} 22. Qd1 {[%clk 1:01:34]} Qc6 {[%clk 0:21:28]} 23. Nbd2
{[%clk 0:54:25]} Nd3 {[%clk 0:20:37]} 24. Bxd3 {[%clk 0:53:14]} Bxd3
{[%clk 0:20:37]} 25. Qc1 {[%clk 0:42:50]} Nc5 {[%clk 0:15:54]} 26. Qb2
{[%clk 0:35:56]} Na4 {[%clk 0:13:02]} 27. Qb4 {[%clk 0:26:54]} Rac8
{[%clk 0:07:27]} 28. Rec1 {[%clk 0:23:02]} Nxc3 {[%clk 0:05:59]} 29. Kh1
{[%clk 0:23:16]} Bf8 {[%clk 0:03:15]} 30. Qh4 {[%clk 0:15:03]} Qd5
{[%clk 0:01:34]} 31. Ra5 {[%clk 0:13:31]} Be7 {[%clk 0:00:43]} 32. Qh6
{[%clk 0:13:18]} Bf8 {[%clk 0:01:10]} 33. Qh4 {[%clk 0:13:13]} Be2
{[%clk 0:00:54]} 34. Ng5 {[%clk 0:10:51]} h6 {[%clk 0:00:59]} 35. Ngf3
{[%clk 0:11:05]} Bxf3 {[%clk 0:01:13]} 36. Nxf3 {[%clk 0:11:04]} Rc4
{[%clk 0:01:39]} 37. e4 {[%clk 0:07:44]} Rxe4 {[%clk 0:00:55]} 38. g4
{[%clk 0:07:47]} Rc4 {[%clk 0:00:50]} 39. Raa1 {[%clk 0:07:50]} Qxf3+ 0-1

[Event "Agen 2017 - Open D"]
[Site "?"]
[Date "2017.08.20"]
[Round "2.4"]
[White "Coutreel, Michel"]
[Black "Hebrard, Emmanuel"]
[Result "1/2-1/2"]
[LiveChessVersion "1.4.8"]
[BlackElo "1375"]
[WhiteElo "1495"]

1. e4 {[%clk 1:30:56]} e6 {[%clk 1:30:55]} 2. Nf3 {[%clk 1:31:03]} d5
{[%clk 1:31:16]} 3. e5 {[%clk 1:31:28]} c5 {[%clk 1:31:37]} 4. b4
{[%clk 1:30:28]} cxb4 {[%clk 1:31:07]} 5. a3 {[%clk 1:30:13]} Nc6
{[%clk 1:31:05]} 6. axb4 {[%clk 1:30:08]} Bxb4 {[%clk 1:30:59]} 7. c3
{[%clk 1:30:07]} Ba5 {[%clk 1:29:17]} 8. d4 {[%clk 1:30:10]} Nge7
{[%clk 1:29:21]} 9. Bd3 {[%clk 1:26:14]} Bd7 {[%clk 1:24:58]} 10. O-O
{[%clk 1:26:30]} O-O {[%clk 1:25:20]} 11. Bxh7+ {[%clk 1:24:28]} Kh8
{[%clk 1:16:05]} 12. Bd3 {[%clk 1:24:28]} f5 {[%clk 1:07:04]} 13. Ng5
{[%clk 1:23:06]} g6 {[%clk 1:04:59]} 14. f4 {[%clk 1:21:46]} Kg7 {[%clk 1:01:46]}
15. Ba3 {[%clk 1:21:07]} Bc7 {[%clk 0:59:53]} 16. g4 {[%clk 1:15:34]} Rh8
{[%clk 0:56:02]} 17. gxf5 {[%clk 1:12:25]} Nxf5 {[%clk 0:55:21]} 18. Bxf5
{[%clk 1:12:43]} gxf5 {[%clk 0:51:56]} 19. Ra2 {[%clk 1:11:39]} Ne7
{[%clk 0:50:58]} 20. Rg2 {[%clk 1:08:47]} Ng6 {[%clk 0:50:42]} 21. Rf3
{[%clk 1:08:09]} Rh6 {[%clk 0:49:22]} 22. Rfg3 {[%clk 1:07:23]} Qh8
{[%clk 0:46:53]} 23. Qc1 {[%clk 1:02:41]} Re8 {[%clk 0:46:09]} 24. Nd2
{[%clk 1:01:06]} Bd8 {[%clk 0:45:50]} 25. Ndf3 {[%clk 1:00:36]} Be7
{[%clk 0:45:59]} 26. Bxe7 {[%clk 0:58:44]} Rxe7 {[%clk 0:46:18]} 27. Qa3
{[%clk 0:58:40]} Kf8 {[%clk 0:46:08]} 28. Nxe6+ {[%clk 0:57:19]} Bxe6
{[%clk 0:44:57]} 29. Rxg6 {[%clk 0:57:34]} Rxg6 {[%clk 0:45:09]} 30. Rxg6
{[%clk 0:57:42]} Kf7 {[%clk 0:45:26]} 31. Rf6+ {[%clk 0:57:28]} Ke8
{[%clk 0:44:19]} 32. Ng5 {[%clk 0:57:23]} Bc8 {[%clk 0:43:28]} 33. Qc5
{[%clk 0:54:53]} Kd8 {[%clk 0:42:35]} 34. Qd6+ {[%clk 0:50:28]} Ke8
{[%clk 0:42:28]} 35. Qxd5 {[%clk 0:49:27]} Qh5 {[%clk 0:41:11]} 36. Qg8+
{[%clk 0:47:45]} Kd7 {[%clk 0:41:21]} 37. Rd6+ {[%clk 0:47:50]} Kc7
{[%clk 0:41:26]} 38. Qd8+ {[%clk 0:41:15]} Kb8 {[%clk 0:41:54]} 39. Qxe7
{[%clk 0:40:21]} Qd1+ {[%clk 0:41:20]} 40. Kf2 {[%clk 1:10:06]} Qd2+
{[%clk 1:11:14]} 41. Kg3 {[%clk 1:10:17]} Qe1+ {[%clk 1:09:06]} 42. Kg2
{[%clk 1:06:48]} Qe2+ {[%clk 1:09:18]} 43. Kg3 {[%clk 1:03:46]} Qe1+
{[%clk 1:09:13]} 44. Kf3 {[%clk 1:03:16]} Qxc3+ {[%clk 1:09:31]} 45. Ke2
{[%clk 1:01:40]} Qc2+ {[%clk 1:09:45]} 46. Kf3 {[%clk 1:01:44]} Qd3+
{[%clk 1:09:23]} 47. Kg2 {[%clk 1:00:07]} Qe2+ {[%clk 1:09:23]} 48. Kg3
{[%clk 0:59:08]} Qe1+ 1/2-1/2

[Event "Champ France Acc"]
[Site "Agen"]
[Date "2017/08/20"]
[Round "2"]
[White "BARBOT Pierre"]
[Black "LE GOFF Ronan"]
[Result "*"]
[WhiteElo "2453"]
[BlackElo "2280"]
[TimeControl "900"]

1. d4 Nf6
2. c4 e6
3. Nf3 Bb4+
4. Nbd2 d5
5. a3 Be7
6. g3 dxc4
7. Qa4+ Nbd7
8. Bg2 O-O
9. O-O a6
10. Qxc4 b5
11. Qd3 Bb7
12. b4 Bd6
13. Bb2 Re8
14. Rfd1 Qb8
15. Rac1 e5
16. Nxe5 Bxe5
17. Bxb7 Qxb7
18. dxe5 Nxe5
19. Bxe5 Rxe5
20. Nb3 Rae8
21. e3 Qf3
22. Nd4 Qh5
23. Qe2 Ng4
24. h4 Qg6
25. Rc6 f6
26. Nf3 R5e7
27. Qa2+ Kh8
28. Qc2 Qh6
29. Rxc7 Re6
30. Qf5 Qg6
31. Qxg6 hxg6
32. Rdd7 *

[Event "Champ France Acc"]
[Site "Agen"]
[Date "2017/08/20"]
[Round "2"]
[White "MEUNIER Clement"]
[Black "LOISEAU Quentin"]
[Result "*"]
[WhiteElo "2269"]
[BlackElo "2425"]
[TimeControl "900"]

1. e4 e5
2. Nf3 Nc6
3. Bc4 Bc5
4. b4 Bxb4
5. c3 Ba5
6. d4 exd4
7. Qb3 Qf6
8. O-O Bb6
9. e5 Qf5
10. cxd4 Na5
11. Qa4 Nxc4
12. Qxc4 d5
13. exd6 Nf6
14. Re1+ Be6
15. Re5 Qxe5
16. Qa4+ Bd7
17. dxe5 Bxa4
18. Nc3 Bc6
19. exf6 gxf6 *

[Event "Agen 2017 National"]
[Site "?"]
[Date "2017.08.21"]
[Round "3.1"]
[White "Cornette, Matthieu"]
[Black "Bacrot, Etienne"]
[Result "1/2-1/2"]
[BlackElo "2715"]
[WhiteElo "2609"]
[LiveChessVersion "1.4.8"]

1. e4 {[%clk 1:30:56]} e5 {[%clk 1:24:54]} 2. Nf3 {[%clk 1:30:57]} Nc6
{[%clk 1:25:13]} 3. Bb5 {[%clk 1:31:00]} Nf6 {[%clk 1:25:35]} 4. O-O
{[%clk 1:30:35]} Nxe4 {[%clk 1:25:59]} 5. Re1 {[%clk 1:30:50]} Nd6
{[%clk 1:26:14]} 6. Nxe5 {[%clk 1:31:05]} Be7 {[%clk 1:26:30]} 7. Bf1
{[%clk 1:31:17]} Nxe5 {[%clk 1:26:33]} 8. Rxe5 {[%clk 1:31:23]} O-O
{[%clk 1:26:51]} 9. Nc3 {[%clk 1:30:54]} Ne8 {[%clk 1:26:58]} 10. Nd5
{[%clk 1:31:00]} Bd6 {[%clk 1:27:20]} 11. Re1 {[%clk 1:31:07]} c6
{[%clk 1:27:39]} 12. Ne3 {[%clk 1:31:27]} Bc7 {[%clk 1:26:27]} 13. Nf5
{[%clk 1:30:09]} d5 {[%clk 1:26:50]} 14. Ne7+ {[%clk 1:30:32]} Kh8
{[%clk 1:27:15]} 15. Nxc8 {[%clk 1:30:54]} Rxc8 {[%clk 1:27:41]} 16. d3
{[%clk 1:30:23]} f5 {[%clk 1:25:49]} 17. Qf3 {[%clk 1:19:30]} Nf6
{[%clk 1:25:09]} 18. Bf4 {[%clk 1:15:06]} Bxf4 {[%clk 1:20:13]} 19. Qxf4
{[%clk 1:15:26]} Qc7 {[%clk 1:20:01]} 20. Qxc7 {[%clk 1:13:05]} Rxc7
{[%clk 1:20:15]} 21. d4 {[%clk 1:13:16]} g6 {[%clk 1:20:03]} 22. f3
{[%clk 1:11:41]} Kg7 {[%clk 1:20:24]} 23. Re5 {[%clk 1:10:51]} Re8
{[%clk 1:19:17]} 24. Rae1 {[%clk 1:10:53]} Rxe5 {[%clk 1:18:04]} 25. Rxe5
{[%clk 1:09:55]} Kf7 {[%clk 1:18:10]} 26. Kf2 {[%clk 1:08:58]} Nd7
{[%clk 1:17:53]} 27. Re1 {[%clk 1:07:59]} Nf8 {[%clk 1:18:09]} 28. Re5
{[%clk 1:07:27]} Re7 {[%clk 1:18:02]} 29. Rxe7+ {[%clk 1:07:06]} Kxe7
{[%clk 1:18:30]} 30. c3 {[%clk 1:05:33]} Ne6 {[%clk 1:10:53]} 31. h4
{[%clk 1:03:48]} h6 {[%clk 1:04:53]} 32. g3 {[%clk 1:03:05]} g5 {[%clk 1:04:06]}
33. hxg5 {[%clk 1:02:57]} hxg5 {[%clk 1:04:33]} 34. Bd3 {[%clk 1:01:43]} Kf6
{[%clk 1:02:20]} 35. g4 {[%clk 0:59:50]} fxg4 {[%clk 1:00:55]} 36. fxg4
{[%clk 1:00:15]} b5 {[%clk 1:01:13]} 37. Bf5 {[%clk 0:59:26]} Ke7
{[%clk 1:01:35]} 38. Bxe6 {[%clk 0:59:50]} Kxe6 {[%clk 1:02:02]} 39. b4
{[%clk 1:00:13]} Kd6 {[%clk 1:02:23]} 40. Ke3 {[%clk 1:30:41]} a6
{[%clk 1:32:47]} 41. a3 {[%clk 1:31:05]} 1/2-1/2

[Event "Agen 2017 National"]
[Site "?"]
[Date "2017.08.21"]
[Round "3.2"]
[White "Bauer, Christian"]
[Black "Lagarde, Maxime"]
[Result "1/2-1/2"]
[BlackElo "2607"]
[WhiteElo "2650"]
[LiveChessVersion "1.4.8"]

1. e4 {[%clk 1:30:58]} c5 {[%clk 1:28:31]} 2. Nf3 {[%clk 1:30:43]} Nc6
{[%clk 1:28:58]} 3. Bb5 {[%clk 1:29:06]} g6 {[%clk 1:29:11]} 4. O-O
{[%clk 1:28:02]} Bg7 {[%clk 1:29:37]} 5. Re1 {[%clk 1:28:08]} e5 {[%clk 1:29:54]}
6. Nc3 {[%clk 1:24:40]} Nge7 {[%clk 1:27:26]} 7. Bc4 {[%clk 1:24:58]} O-O
{[%clk 1:18:29]} 8. d3 {[%clk 1:24:46]} h6 {[%clk 1:16:14]} 9. a3
{[%clk 1:23:27]} d6 {[%clk 1:12:56]} 10. Bd2 {[%clk 1:13:22]} Kh8
{[%clk 0:57:20]} 11. Rb1 {[%clk 0:55:46]} a6 {[%clk 0:42:37]} 12. h3
{[%clk 0:48:07]} f5 {[%clk 0:37:21]} 13. b4 {[%clk 0:43:27]} fxe4
{[%clk 0:32:15]} 14. dxe4 {[%clk 0:42:50]} b5 {[%clk 0:32:22]} 15. Bf1
{[%clk 0:27:45]} Be6 {[%clk 0:26:12]} 16. Nh2 {[%clk 0:26:12]} Nd4
{[%clk 0:18:15]} 17. Ne2 {[%clk 0:24:25]} c4 {[%clk 0:15:37]} 18. Be3
{[%clk 0:23:09]} Nec6 {[%clk 0:15:08]} 19. c3 {[%clk 0:21:27]} Nb3
{[%clk 0:08:31]} 20. Nc1 {[%clk 0:21:13]} Nxc1 {[%clk 0:08:04]} 21. Rxc1
{[%clk 0:21:05]} d5 {[%clk 0:07:12]} 22. exd5 {[%clk 0:20:38]} Qxd5
{[%clk 0:07:34]} 23. Qxd5 {[%clk 0:13:21]} Bxd5 {[%clk 0:07:59]} 24. Red1
{[%clk 0:12:43]} Rad8 {[%clk 0:07:41]} 25. Bb6 {[%clk 0:11:51]} Rd7
{[%clk 0:07:18]} 26. Be2 {[%clk 0:09:34]} e4 {[%clk 0:04:33]} 27. Bg4
{[%clk 0:04:16]} Rb7 {[%clk 0:05:00]} 28. Bc5 {[%clk 0:03:48]} Rd8
{[%clk 0:05:15]} 29. Bc8 {[%clk 0:01:16]} Rxc8 {[%clk 0:03:08]} 30. Rxd5
{[%clk 0:01:44]} Ne5 {[%clk 0:02:42]} 31. Bd4 {[%clk 0:01:19]} Nd3
{[%clk 0:03:07]} 32. Rc2 {[%clk 0:01:30]} Rcc7 {[%clk 0:01:27]} 33. Re2
{[%clk 0:00:52]} Rd7 {[%clk 0:00:47]} 34. Rxd7 {[%clk 0:01:00]} Rxd7
{[%clk 0:01:13]} 35. Bxg7+ {[%clk 0:01:22]} Kxg7 {[%clk 0:01:41]} 36. Rxe4
{[%clk 0:01:16]} Nb2 {[%clk 0:02:09]} 37. Nf3 {[%clk 0:00:39]} Rd1+
{[%clk 0:00:48]} 38. Kh2 {[%clk 0:00:57]} Ra1 {[%clk 0:01:05]} 39. Re6
{[%clk 0:00:43]} Rxa3 {[%clk 0:01:30]} 40. Ne5 {[%clk 0:30:44]} g5
{[%clk 0:30:48]} 41. Rg6+ {[%clk 0:19:32]} Kh7 {[%clk 0:29:19]} 42. Rd6
{[%clk 0:19:50]} Rxc3 {[%clk 0:29:17]} 43. Rd7+ {[%clk 0:16:09]} Kg8
{[%clk 0:28:52]} 44. Ng4 {[%clk 0:16:20]} Rd3 {[%clk 0:28:09]} 45. Nf6+
{[%clk 0:16:44]} Kf8 {[%clk 0:28:36]} 46. Nh7+ {[%clk 0:17:10]} Ke8
{[%clk 0:29:01]} 47. Nf6+ {[%clk 0:17:38]} Kf8 {[%clk 0:29:28]} 48. Nh7+
{[%clk 0:18:04]} Ke8 1/2-1/2

[Event "Agen 2017 National"]
[Site "?"]
[Date "2017.08.21"]
[Round "3.3"]
[White "Gharamian, Tigran"]
[Black "Chabanon, Jean-Luc"]
[Result "1-0"]
[BlackElo "2467"]
[WhiteElo "2616"]
[LiveChessVersion "1.4.8"]

1. e4 {[%clk 1:30:56]} c5 {[%clk 1:29:52]} 2. Nf3 {[%clk 1:31:07]} e6
{[%clk 1:30:16]} 3. d4 {[%clk 1:31:30]} cxd4 {[%clk 1:30:40]} 4. Nxd4
{[%clk 1:31:54]} Nc6 {[%clk 1:30:53]} 5. Nc3 {[%clk 1:31:59]} Qc7
{[%clk 1:31:16]} 6. Be3 {[%clk 1:31:59]} a6 {[%clk 1:30:38]} 7. Qf3
{[%clk 1:32:03]} Nf6 {[%clk 1:28:04]} 8. O-O-O {[%clk 1:31:18]} Ne5
{[%clk 1:26:58]} 9. Qg3 {[%clk 1:30:33]} d6 {[%clk 1:27:18]} 10. f4
{[%clk 1:21:42]} Neg4 {[%clk 1:26:30]} 11. Be2 {[%clk 1:01:11]} Nxe3
{[%clk 1:02:52]} 12. Qxe3 {[%clk 1:00:55]} h5 {[%clk 0:59:05]} 13. Kb1
{[%clk 0:53:13]} g6 {[%clk 0:45:18]} 14. Rhf1 {[%clk 0:41:33]} Bh6
{[%clk 0:33:19]} 15. Qd3 {[%clk 0:37:21]} Bd7 {[%clk 0:28:01]} 16. Nb3
{[%clk 0:29:40]} O-O-O {[%clk 0:13:40]} 17. f5 {[%clk 0:21:14]} gxf5
{[%clk 0:10:33]} 18. exf5 {[%clk 0:21:31]} Ng4 {[%clk 0:10:24]} 19. Bxg4
{[%clk 0:17:09]} hxg4 {[%clk 0:10:53]} 20. Qg3 {[%clk 0:16:38]} Bg7
{[%clk 0:06:10]} 21. fxe6 {[%clk 0:11:54]} fxe6 {[%clk 0:02:37]} 22. Rxd6
{[%clk 0:12:05]} Bf8 {[%clk 0:02:58]} 23. Rd3 {[%clk 0:10:59]} Qxg3
{[%clk 0:02:55]} 24. Rxg3 {[%clk 0:11:23]} Rxh2 {[%clk 0:02:41]} 25. Rxg4
{[%clk 0:11:35]} Bc6 {[%clk 0:02:40]} 26. Rg1 {[%clk 0:10:08]} e5
{[%clk 0:01:06]} 27. a3 {[%clk 0:09:23]} Bh6 {[%clk 0:01:05]} 28. Na5
{[%clk 0:06:22]} Be8 {[%clk 0:00:49]} 29. Re4 {[%clk 0:05:34]} Bg6
{[%clk 0:00:32]} 30. Re2 {[%clk 0:01:05]} Bf7 {[%clk 0:00:35]} 31. Ne4
{[%clk 0:00:50]} Be6 {[%clk 0:00:39]} 32. Nb3 {[%clk 0:00:46]} Rg8
{[%clk 0:00:39]} 33. Nbc5 {[%clk 0:00:48]} Bc4 {[%clk 0:00:58]} 34. Nd6+
{[%clk 0:01:14]} 1-0

[Event "Agen 2017 National"]
[Site "?"]
[Date "2017.08.21"]
[Round "3.4"]
[White "Gozzoli, Yannick"]
[Black "Jolly, Jean-Francois"]
[Result "1-0"]
[BlackElo "2381"]
[WhiteElo "2592"]
[LiveChessVersion "1.4.8"]

1. d4 {[%clk 1:28:47]} Nf6 {[%clk 1:30:50]} 2. c4 {[%clk 1:29:00]} e6
{[%clk 1:31:13]} 3. Nf3 {[%clk 1:29:24]} d5 {[%clk 1:31:37]} 4. g3
{[%clk 1:29:49]} dxc4 {[%clk 1:31:52]} 5. Bg2 {[%clk 1:30:13]} Bb4+
{[%clk 1:32:11]} 6. Bd2 {[%clk 1:29:07]} c5 {[%clk 1:32:34]} 7. O-O
{[%clk 1:24:27]} O-O {[%clk 1:32:21]} 8. Qc1 {[%clk 1:18:29]} b5 {[%clk 1:22:07]}
9. a4 {[%clk 1:13:53]} Bb7 {[%clk 1:18:57]} 10. axb5 {[%clk 1:13:39]} a6
{[%clk 1:18:22]} 11. bxa6 {[%clk 0:57:34]} Rxa6 {[%clk 1:17:39]} 12. Na3
{[%clk 0:57:56]} Bxd2 {[%clk 1:07:25]} 13. Qxd2 {[%clk 0:57:08]} Bd5
{[%clk 0:59:26]} 14. dxc5 {[%clk 0:48:05]} Nbd7 {[%clk 0:50:43]} 15. Qd4
{[%clk 0:46:35]} Qa8 {[%clk 0:41:07]} 16. Rac1 {[%clk 0:36:43]} e5
{[%clk 0:31:35]} 17. Qe3 {[%clk 0:33:49]} Ra4 {[%clk 0:27:36]} 18. Rfd1
{[%clk 0:32:44]} Rb8 {[%clk 0:20:42]} 19. c6 {[%clk 0:23:39]} Bxc6
{[%clk 0:11:39]} 20. Nxc4 {[%clk 0:23:08]} Rab4 {[%clk 0:10:57]} 21. Ra1
{[%clk 0:12:55]} Ra4 {[%clk 0:11:19]} 22. Rxa4 {[%clk 0:13:17]} Qxa4
{[%clk 0:11:45]} 23. Rc1 {[%clk 0:13:43]} Rb3 {[%clk 0:08:23]} 24. Qd2
{[%clk 0:14:01]} Bxf3 {[%clk 0:04:29]} 25. Bxf3 {[%clk 0:11:08]} e4
{[%clk 0:03:57]} 26. Bg2 {[%clk 0:11:33]} Rb4 {[%clk 0:02:47]} 27. Ne3
{[%clk 0:07:50]} h6 {[%clk 0:02:18]} 28. Bh3 {[%clk 0:07:44]} Rd4
{[%clk 0:01:34]} 29. Qc3 {[%clk 0:07:49]} Nb6 {[%clk 0:01:09]} 30. Qc7
{[%clk 0:04:05]} Qb5 {[%clk 0:01:07]} 31. Qe7 {[%clk 0:03:49]} Qxe2
{[%clk 0:00:33]} 32. b4 {[%clk 0:01:59]} Rd2 {[%clk 0:00:37]} 33. Rf1
{[%clk 0:02:25]} Qf3 {[%clk 0:00:35]} 34. Bf5 {[%clk 0:01:37]} Rd3
{[%clk 0:00:32]} 35. Qc7 {[%clk 0:01:25]} Nbd7 {[%clk 0:00:46]} 36. b5
{[%clk 0:01:24]} g6 {[%clk 0:00:57]} 37. Bxd7 {[%clk 0:01:32]} Rxd7
{[%clk 0:00:32]} 38. b6 {[%clk 0:01:49]} Kg7 {[%clk 0:00:37]} 39. Qc8
{[%clk 0:01:35]} 1-0